|
|
|
|
| LEADER |
00000nam0a2200000 4500 |
| 001 |
293247 |
| 005 |
20231102000556.0 |
| 020 |
|
|
|a RU
|b 83-65213
|
| 035 |
|
|
|a (RuTPU)RU\TPU\book\318212
|
| 090 |
|
|
|a 293247
|
| 100 |
|
|
|a 20150429d1983 km y0rusy5003 ca
|
| 101 |
0 |
|
|a rus
|
| 102 |
|
|
|a GE
|
| 105 |
|
|
|a a z 001zy
|
| 200 |
1 |
|
|a Исследование деформаций бетона голографическими методами
|f Далакишвили [и др.]
|g Академия наук Грузинской ССР (АН ГрузССР), Институт строительной механики и сейсмостойкости (ИСМиС)
|
| 210 |
|
|
|a Тбилиси
|c Мецниереба
|d 1983
|
| 215 |
|
|
|a 75 с.
|c ил.
|
| 300 |
|
|
|a Авт. указаны на обороте тит. л.
|
| 320 |
|
|
|a Библиогр.: с. 68-74
|
| 606 |
1 |
|
|a Бетон
|x Испытание на деформацию
|2 stltpush
|3 (RuTPU)RU\TPU\subj\28351
|9 51882
|
| 610 |
1 |
|
|a голографические исследования
|
| 610 |
1 |
|
|a спекл-интерферометрия
|
| 610 |
1 |
|
|a цементный камень
|
| 610 |
1 |
|
|a образцы
|
| 610 |
1 |
|
|a твердение
|
| 610 |
1 |
|
|a статические нагрузки
|
| 610 |
1 |
|
|a трещиностойкость
|
| 610 |
1 |
|
|a оценка
|
| 675 |
|
|
|a 691.327:620.17
|z rus
|v 3
|
| 701 |
|
1 |
|a Далакишвили
|b Г. Л.
|g Георгий Леванович
|
| 701 |
|
1 |
|a Какичашвили
|b Ш. Д.
|
| 701 |
|
1 |
|a Квернадзе
|b А. М.
|
| 701 |
|
1 |
|a Нижарадзе
|b М. Д.
|
| 712 |
0 |
2 |
|a Академия наук Грузинской ССР (АН ГрузССР)
|b Институт строительной механики и сейсмостойкости (ИСМиС)
|c (Тбилиси)
|2 stltpush
|3 (RuTPU)RU\TPU\col\19757
|
| 801 |
|
0 |
|a RU
|b RuMRKP
|c 19950704
|g psbo
|
| 801 |
|
1 |
|a RU
|b 63413507
|c 20150429
|
| 801 |
|
2 |
|a RU
|b 63413507
|c 20190117
|g RCR
|
| 942 |
|
|
|c BK
|